000 02435nam0a2200409 4500
001 RU\NLR\BIBL_A\011176008
005 20250625213144.0
020 _aRU
_9От Февраля к Октябрю: коллекция листовок/Рос. нац. б-ка
035 _a(NLR Aleph) 011176008
090 _a11792302
_c11792302
100 _a20160713d1917 |||y0rusy50 ca
101 0 _arus
102 _aRU
105 _ay z 000yy
135 _acrcn 024apada
200 1 _aКо всем увечным воинам. Товарищи! Четвертый год тянется неслыханная и беспримерная война ...
_e[листовка]
_fЦентральный комитет Всероссийского союза увечных воинов
210 _aКлинцы, Черниговская губ.
_cТип. К.Н. Клапцова
_d[1917, сент., до 18]
215 _a[1] л. в 2 стб.
_d42x35
300 _aПодпись: Центральный комитет Всероссийского союза увечных воинов, Клинцовский Союз Увечных Воинов
300 _aКоллекция листовок "От Февраля к Октябрю" (2 экз.)
325 1 _aКопия доступна в Электронной библиотеке РНБ
327 1 _aПризыв к увечным воинам объединяться
517 1 _aТоварищи! Четвертый год тянется неслыханная и беспримерная война ...
517 1 _aЧетвертый год тянется неслыханная и беспримерная война ...
540 1 _aПризыв к увечным воинам объединяться
540 1 _aОт Февраля к Октябрю
_eлистовки
607 _aРоссия
_jЛистовки
_xИстория
_z1917
_92250871
_3RU\NLR\AUTH\661350120
686 0 _aТ3(2)524.2,011
686 0 _aТ3(2)711.19-4,011
711 0 2 _aВсероссийский союз увечных воинов
_bЦК
_9521416
_3RU\NLR\AUTH\880428449
852 0 0 _aNLR
_bФл
_jIX/17
942 _cBOOK
980 _aNB
981 4 2 _a(42) 1917: от Февраля к Октябрю
_b(42) Листовки 1917 года